000 00483nam a2200157 i 4500
001 42441
003 ES-MaACL
007 t|
008 030324s1906 ho ||||1| spa d
110 2 _aHonduras.
_94586
240 1 0 _aCódigo de procedimientos, 1906
245 1 0 _aRepública de Honduras
_b: código de procedimientos.
260 _aTegucigalpa :
_b[s.n.],
_c1906 (
_fTip. Nacional)
300 _aIV, 246 p. ;
_c27 cm.
852 _aES-MaACL
_jG-3331
_q. - Encuadernado con otras obras
999 _c42441
_d42441